000
00260nam a22001097a 4500
999
_c
4334
_d
4334
008
250206b ||||| |||| 00| 0 eng d
020
_a
9781512432107
082
_a
609
100
_a
TURNER,MATT
_e
AUTHOR
245
_a
GENIUS COMMUNICATION INVENTIONS
942
_2
ddc